Lectures on Administrative Law / (Record no. 2477)
[ view plain ]
| 000 -LEADER | |
|---|---|
| fixed length control field | 00690nam a2200229Ia 4500 |
| 003 - CONTROL NUMBER IDENTIFIER | |
| control field | BUBTL |
| 008 - FIXED-LENGTH DATA ELEMENTS--GENERAL INFORMATION | |
| fixed length control field | 151213s9999 xx 000 0 und d |
| 020 ## - INTERNATIONAL STANDARD BOOK NUMBER | |
| International Standard Book Number | 978-935-0286-722 |
| 082 ## - DEWEY DECIMAL CLASSIFICATION NUMBER | |
| Classification number | 342.54 / TAL |
| 100 ## - MAIN ENTRY--PERSONAL NAME | |
| Personal name | Thakker ( Takwani ), C.K |
| 9 (RLIN) | 2470 |
| 245 ## - TITLE STATEMENT | |
| Title | Lectures on Administrative Law / |
| Statement of responsibility, etc. | C.K. Thakker ( Takwani ), M.C. Thakker, D.A. Desai |
| 250 ## - EDITION STATEMENT | |
| Edition statement | 5th ed. |
| 260 ## - PUBLICATION, DISTRIBUTION, ETC. (IMPRINT) | |
| Place of publication, distribution, etc. | Lucknow : |
| Name of publisher, distributor, etc. | Eastern Book Company, |
| Date of publication, distribution, etc. | c2012. |
| 300 ## - PHYSICAL DESCRIPTION | |
| Extent | LXXII, 543 p. : |
| Dimensions | 21 cm. |
| 650 ## - SUBJECT ADDED ENTRY--TOPICAL TERM | |
| Topical term or geographic name as entry element | Law |
| 9 (RLIN) | 2473 |
| 650 ## - SUBJECT ADDED ENTRY--TOPICAL TERM | |
| Topical term or geographic name as entry element | Law |
| 9 (RLIN) | 2473 |
| 700 ## - ADDED ENTRY--PERSONAL NAME | |
| Personal name | Thakker, M.C |
| 9 (RLIN) | 2471 |
| 700 ## - ADDED ENTRY--PERSONAL NAME | |
| Personal name | Desai, D.A |
| 9 (RLIN) | 2472 |
| 856 ## - ELECTRONIC LOCATION AND ACCESS | |
| Password | 0 |
| Logon | 0 |
| Link text | Download |
| 942 ## - ADDED ENTRY ELEMENTS (KOHA) | |
| Source of classification or shelving scheme | |
| Koha item type | Books |
| Withdrawn status | Lost status | Source of classification or shelving scheme | Damaged status | Not for loan | Collection code | Permanent location | Current location | Shelving location | Date acquired | Inventory number | Total Checkouts | Full call number | Barcode | Date last seen | Copy number | Price effective from | Koha item type |
|---|---|---|---|---|---|---|---|---|---|---|---|---|---|---|---|---|---|
| Not For Loan | Non-fiction | Bangladesh University of Business and Technology Library | Bangladesh University of Business and Technology Library | Law Stacks | 03/30/2016 | 22218 | 342.54 / TAL | BUBTL-200322218 | 11/19/2019 | C-1 | 11/19/2019 | Books | |||||
| Non-fiction | Bangladesh University of Business and Technology Library | Bangladesh University of Business and Technology Library | Law Stacks | 03/30/2016 | 22219 | 342.54 / TAL | BUBTL-200322219 | 11/19/2019 | C-2 | 11/19/2019 | Books | ||||||
| Non-fiction | Bangladesh University of Business and Technology Library | Bangladesh University of Business and Technology Library | Law Stacks | 03/30/2016 | 22220 | 342.54 / TAL | BUBTL-200322220 | 11/19/2019 | C-3 | 11/19/2019 | Books |
